[Event "Benidorm op U2000 17th"]
[Site "Benidorm"]
[Date "2018.12.05"]
[Round "7"]
[White "Mendez Martinez, Jose Manuel"]
[Black "Avendano Mateos, Jose"]
[Result "1/2-1/2"]
[WhiteElo "1869"]
[BlackElo "1987"]
[PlyCount "30"]
[EventDate "2018.11.30"]
[EventType "swiss"]
[EventRounds "10"]
[EventCountry "ESP"]
[SourceTitle "EXT 2022"]
[Source "ChessBase"]
[SourceDate "2021.10.06"]
[SourceVersion "1"]
[SourceVersionDate "2021.10.06"]
[SourceQuality "1"]

1. d4 d5 2. c4 c6 3. cxd5 cxd5 4. Nc3 Nf6 5. Bf4 Nc6 6. e3 a6 7. Bd3 e6 8. Rc1 Bd6 9. Bxd6 Qxd6 10. f4 0-0 11. Nf3 g6 12. 0-0 Nd7 13. g4 f5 14. gxf5 gxf5 15. Rc2 Kh8 1/2-1/2

[Event "Benidorm op U2000 16th"]
[Site "Benidorm"]
[Date "2017.12.09"]
[Round "10"]
[White "Lisarri Tomas, Antonio"]
[Black "Mendez Martinez, Jose Manuel"]
[Result "1-0"]
[WhiteElo "1959"]
[BlackElo "1920"]
[PlyCount "45"]
[EventDate "2017.12.01"]
[EventType "swiss"]
[EventRounds "10"]
[EventCountry "ESP"]
[SourceTitle "EXT 2019"]
[Source "ChessBase"]
[SourceDate "2018.10.10"]
[SourceVersion "1"]
[SourceVersionDate "2018.10.10"]
[SourceQuality "1"]

1. c4 d6 2. d4 e5 3. e3 Be7 4. Nc3 c6 5. Nf3 Nd7 6. Bd3 Ngf6 7. 0-0 0-0 8. Qc2 h6 9. b3 Re8 10. Bb2 Bf8 11. Rad1 Qe7 12. dxe5 Nxe5 13. Nxe5 dxe5 14. Ne4 Nxe4 15. Bxe4 Qg5 16. f4 exf4 17. exf4 Qh4 18. Rde1 Bc5+ 19. Kh1 Bf5 20. Qc3 Bf8 21. Bxf5 Rxe1 22. Qxe1 Qd8 23. Bb1 1-0